00271nam a2200097Ia 4500008004000000082001600040100004500056245002000101260004400121300000800165210210b1972 xxu||||| |||| 00| 0 eng d a070.41 BASA aBASKETTE (Floyd K) and SISSORS (Jack Z). aArt of editing. aLondonbMacmillan Publishers Ltd.c1972 a451